| 000 | 01778cam a22005294a 4500 | ||
|---|---|---|---|
| 001 | 57922 | ||
| 005 | 20230410120753.0 | ||
| 008 | 061228s2006 sp 000 0 spa c | ||
| 010 | _a 2007417347 | ||
| 035 | _a(OCoLC)ocm77559688 | ||
| 040 |
_aPL# _beng _cPL# _dINU _dDLC _dOCLCQ _dUTO _dSTF _dBNM |
||
| 015 |
_aMON0703-13262 _aMON0703-13137 _aMON0703-13217 |
||
| 016 | 7 |
_abimoBNE20070218900 _2SpMaBN |
|
| 019 |
_a234157330 _a434011403 |
||
| 020 | _a8497841875 | ||
| 020 | _a9788497841870 | ||
| 029 | 0 |
_aPL# _b060003850 |
|
| 029 | 1 |
_aAU@ _b000041582710 |
|
| 035 |
_a(OCoLC)77559688 _z(OCoLC)234157330 _z(OCoLC)434011403 |
||
| 042 | _apcc | ||
| 043 | _ae-sp--- | ||
| 050 | 1 | 4 |
_aHV 6433 _bC169n 2006 |
| 082 | 0 | 0 | _a323.28(460.15) |
| 100 | 1 | _aCalvo Soler, Raúl. | |
| 245 | 1 | 3 |
_aLa negociación con ETA : _bente la confusión y los prejuicios / _cRaúl Calvo Soler ; prólogo de Federico Mayor Zaragoza. |
| 250 | _a1. ed. | ||
| 260 |
_aBarcelona : _bEditorial Gedisa, _c2006. |
||
| 300 |
_a134 p. ; _c20 cm. |
||
| 440 | 0 | _aColección Libertad y cambio | |
| 504 | _aIncludes bibliographical references. | ||
| 610 | 2 | 0 | _aETA (Organization) |
| 650 | 0 |
_aTerrorism _zSpain _xPrevention. |
|
| 651 | 0 |
_aSpain _xPolitics and government _y20th century. |
|
| 651 | 0 |
_aPais Vasco (Spain) _xPolitics and government _y20th century. |
|
| 650 | 0 |
_aNegotiation _xPolitical aspects _zSpain. |
|
| 653 | _aETA (Organizacion). | ||
| 653 | _aNegociaciones. | ||
| 653 |
_aTerrorismo _aEspaña _aPrevencion. |
||
| 610 | 2 | 7 |
_aETA. _2embne |
| 650 | 7 |
_aNegociacion. _2embne |
|
| 651 | 7 |
_aEspaña _xPolitica y gobierno _y2004- _2embne |
|
| 700 | 1 | _aMayor, Federico. | |
| 938 |
_aPuvill Libros _bPUVL _n9788497841870 _c$14.61 |
||
| 942 |
_2lcc _cbk |
||
| 994 |
_aC0 _bDRFGD |
||
| 946 | _aMF | ||
| 999 |
_c51539 _d51539 |
||